Guía de navegación del yatista para los canales de Chile
Saved in:
| Hovedforfatter: | |
|---|---|
| Format: | Bog |
| Sprog: | spansk |
| Udgivet: |
Santiago
s.n
2006
|
| Udgivelse: | 3a. ed |
| Fag: | |
| Tags: |
Tilføj Tag
Ingen Tags, Vær først til at tagge denne postø!
|
MARC
| LEADER | 00000nam a2200000 a 4500 | ||
|---|---|---|---|
| 001 | UCG2235 | ||
| 003 | CL-VaPUC | ||
| 008 | 100624e20060000CL |||||||||||||||||spa|d | ||
| 020 | |a 9563102134 | ||
| 082 | 0 | 4 | |a 623.89 |b MAN |2 21 |
| 100 | |a Mantellero Ognio, Carlos Alberto |e autor |9 552426 | ||
| 245 | 1 | 0 | |a Guía de navegación del yatista para los canales de Chile |
| 246 | 1 | 0 | |a Yachtsman's navigator guide to the chilean Patagonia |
| 250 | |a 3a. ed | ||
| 300 | |a 304 p | ||
| 942 | |c BK | ||
| 945 | |d 20100624 00:00:00 |a dcastane | ||
| 260 | |a Santiago |b s.n |c 2006 | ||
| 650 | 7 | |a NAVEGACION CON INSTRUMENTOS |2 CL-VaPUC |9 550641 | |
| 650 | 7 | |a CANALES DE CHILE |2 CL-VaPUC |9 550642 | |
| 583 | |a last modification |c 20130326 11:24:35 |k Rodrigo Vera | ||
| 999 | |c 341463 |d 341461 | ||
| 952 | |0 0 |1 0 |4 0 |6 623_890000000000000_MAN_2006 |7 0 |8 C |9 436977 |a BIBCUR |b BIBCUR |d 2019-11-22 |i 4670310 |o 623.89 MAN 2006 |p 4670310 |r 2025-04-22 |w 2019-11-22 |y BK |k DEN | ||